| 000 | 00683nas a2200253 4500 | ||
|---|---|---|---|
| 001 | BR7705366 | ||
| 003 | BR-BrBNA | ||
| 005 | 20231205083249.0 | ||
| 007 | ta | ||
| 008 | 230509b bl.|||p| |||| 00| 00por d | ||
| 040 |
_aBR-BrBNA _bpor _cBiblioteca Nacional de Agricultura |
||
| 041 | _a(Pt) | ||
| 072 | _aL50 | ||
| 100 | 1 | _aBraun, P.C. | |
| 100 | 1 | _aBraun, C.A.S. | |
| 245 | 1 | _aO veneno dos sapos | |
| 650 | _aSAPO | ||
| 650 | _aVENENO | ||
| 650 | _aPROPRIEDADE FISICA | ||
| 650 | _aPROPRIEDADE QUIMICA | ||
| 773 | 0 |
_tNatureza em Revista (Brazil) _xISSN 0100-4700 _g(Dec 1977), no. 3 p. 28-32 _wBR7705366 |
|
| 909 |
_a202311 _bLúcia _c55 _dLúcia Elande |
||
| 942 |
_2AGRIS _n0 _cANA |
||
| 999 |
_c97583 _d97583 |
||